| 000 | 00620nmm a2200193Ia 4500 | ||
|---|---|---|---|
| 008 | 251105s9999||||xx |||||||||||||||||und|| | ||
| 020 | _a9788476589908 | ||
| 041 | _aspa | ||
| 100 | _aBassols, Mario | ||
| 245 | 0 |
_aGobernanza : _b Teoría y prácticas colectivas |
|
| 264 |
_a[Madrid, España] : _bAnthropos, _c2011 |
||
| 300 | _a270 páginas | ||
| 490 | _aPensamiento crítico / Pensamiento utópico: crítica y utopía | ||
| 650 | _aPolitical Science (General) | ||
| 700 | _aBassols, Mario | ||
| 700 | 1 | _a Mendoza, Cristóbal (coords.) | |
| 856 | _uhttps://public.digitaliapublishing.com/a/13326 | ||
| 942 | _cCF | ||
| 999 |
_c62579 _d62579 |
||